| 000 | 00730nam a22002295a 4500 | ||
|---|---|---|---|
| 005 | 20170108120132.0 | ||
| 008 | 170108s2006 ii frb 000 0 eng d | ||
| 020 | _a9788180615825 | ||
| 040 |
_aEG-ScBUE _beng _cEG-ScBUE _dEG-ScBUE |
||
| 082 | 0 | 4 |
_222 _a617 _bVIJ |
| 100 | 1 | _aVijayalakshmi, K. | |
| 245 | 1 | 0 |
_aMCQ in orthodontics / _cK. Vijayalakshmi ; foreword N. Sendamaraai. |
| 250 | _a1st ed. | ||
| 260 |
_aNew Delhi : _bJaypee Brothers Medical Publishers, _c2006. |
||
| 300 |
_a137 p. ; _c24 cm. |
||
| 504 | _aIncludes bibliographical references. | ||
| 650 | 7 |
_2BUEsh _941372 _aOrthodontics. |
|
| 651 | _2BUEsh | ||
| 653 |
_bDDent _cJanuary2017 |
||
| 700 | 1 |
_aSendamaraai, N., _eauthor of introduction, etc. |
|
| 942 | _2ddc | ||
| 999 |
_c23861 _d23833 |
||